Sústruženie kalených ocelí progresívnymi nástrojmi Wiper : dizertačná práca

Gespeichert in:
Bibliographische Detailangaben
1. Verfasser: Samardžiová, Michaela, 1987- (Verfasst von)
Weitere Verfasser: Pokorný, Peter, 1976- (Betreuung Doktorarbeit)
Format: Manuskript Buch
Sprache:Slowakisch
Veröffentlicht: Trnava : STU v Bratislave MTF UVTE, 2014
Schlagworte:
Online-Zugang:VAIS
Tags: Tag hinzufügen
Keine Tags, Fügen Sie das erste Tag hinzu!

MARC

LEADER 00000ntm a22000003a 4500
001 stu298838
005 20220317165815.1
008 141004s2014----xo------------------slo-d
040 |a STU  |b slo 
041 0 |a slo 
044 |a xo 
100 1 |a Samardžiová, Michaela,  |d 1987-  |4 aut  |u M3000  |9 100  |U MTF Materiálovotechnologická fakulta  |T MTF Ústav výrobných technológií  |X 37948  |U M3000  |Y 83  |7 37948 
242 0 0 |a Hardened steels turning by progressive Wiper tool  |y eng 
245 1 |a Sústruženie kalených ocelí progresívnymi nástrojmi Wiper :  |b dizertačná práca 
260 |a Trnava :  |b STU v Bratislave MTF UVTE,  |c 2014 
300 |a 107s  |c CD + autoreferát 
500 |a Číslo a názov študijného odboru: 5.2.7strojárske technológie a materiály 
500 |a Študijný program: strojárske technológie a materiály 
650 7 |a strojárske technológie a materiály  |2 stusub 
650 7 |a Machine Technologies and Materials  |2 estusub 
650 7 |a integrita povrchu  |2 stusub 
700 1 |a Pokorný, Peter,  |d 1976-  |4 ths  |u M3000  |U MTF Materiálovotechnologická fakulta  |T MTF Ústav výrobných technológií  |X 2771  |U M3000  |Y 83  |7 A000002771 
856 4 |a info a plný text  |u http://is.stuba.sk/zp/portal_zp.pl?podrobnosti=91445  |3 VAIS 
996 |c M*DzP-423  |l MMSKP  |s P  |a 0  |w stu298838_0001